Statistiques concernant 15 principaux pays touchés par Covid-19 - 11 juillet

Cliquez ici pour prendre le quiz!

Statistiques générales

  • Ce quiz a été pris 28 fois
  • Le résultat moyen est 12 sur 25

Statistiques - réponses

pays% Correct
Etats-Unis
96%
Brésil
92%
Espagne
88%
Italie
84%
Russie
84%
Royaume-Uni
72%
Inde
68%
Mexique
68%
Chili
52%
Chili
52%
Iran
52%
Turquie
52%
Pakistan
48%
Pérou
48%
Suède
40%
Afrique du Sud
32%
Arabie Saoudite
32%
Biélorussie
28%
Qatar
28%
Singapour
24%
Bahreïn
20%
Oman
20%
Arménie
16%
Koweït
16%
Panama
16%

Distribution des résultats

Percentile par nombre de réponses

% des personnes avec chaque résultat

Votre développement - résultats

Vous n’avez pas pris ce quiz